ASOIAF Characters by First and Last Letter Quiz Stats

 Plays Quiz not verified by Sporcle

Challenge
Share
Tweet
Embed
Score 0/100 Timer 18:00
0 Plays Today
Letters Character(s) % Correct
AaArya Stark, Asha Greyjoy
99.1%
BnBrandon Starks, Barristan Selmy, Bronn, Brynden Tully, Balon Greyjoy, Bowen Marsh, Benjen Stark, Ben Plumm, Balon Swann
93.5%
AnAemon, Aeron Greyjoy, Aegon Targaryens
92.4%
CiCersei Lannister
91.4%
JnJon Snow, Jon Connington, Jojen Reed, Jon Arryn, Jon Umber, Jaqen H'ghar, Jacelyn Bywater, Justin Massey, Jason Mallister, Josmyn Peckledon
90.7%
DsDaenerys Targaryen, Davos Seaworth, Dontos Hollard, Denys Mallister
90.6%
JhJorah Mormont
90%
EdEddard Stark
89.6%
SaSansa Stark, Shagga, Sarella Sand
89.1%
CnCatelyn Tully, Cressen, Cleon, Creighton Longbough, Colemon, Clayton Suggs
88%
RbRobb Stark
87.9%
OaOsha, Obara Sand, Olenna Redwyne
87.9%
BcBeric Dondarrion
87.7%
JrJeor Mormont
87.2%
MeMance Rayder, Melisandre, Mace Tyrell, Mordane, Maege Mormont
87.1%
GyGendry, Gilly, Godry Farring
87.1%
TnTyrion Lannister, Theon Greyjoy, Tywin Lannister, Tommen Baratheon, Thoren Smallwood
86.9%
VsVarys, Viserys Targaryen, Vardis Egen
86.8%
QnQuentyn Martell, Qhorin, Qyburn
86.5%
HrHodor, Hizdahr zo Loraq, Hoster Tully, Halder
86.3%
LaLysa Tully, Lyanna Stark
85.9%
JeJaime Lannister, Jeyne Poole, Jeyne Westerling
84.9%
RyRenly Baratheon, Ramsay Bolton, Rolly Duckfield
84.9%
PrPetyr Baelish, Pypar, Paxter Redwyne, Polliver, Petyr Frey
84.5%
DoDrogo, Daario Naharis
83.9%
SeShae, Selyse Florent, Stonesnake
83.9%
IiIrri
83.4%
CrCraster, Cotter Pyke
83.2%
LsLoras Tyrell, Lollys Stokeworth, Leathers
82.8%
GnGrenn, Garlan Tyrell, Garin
82.8%
AsAerys Targaryen, Arys Oakheart, Alys Karstark
82.7%
YnYoren, Yezzan zo Qaggaz, Yohn Royce
82.7%
MiMissandei, Mirri Maz Duur
81.8%
EnEuron Greyjoy, Eddison Tollett, Emmon Frey, Edwyn Frey
81.7%
Letters Character(s) % Correct
MaMeera Reed, Myrcella Baratheon, Mya Stone, Myranda Royce
81.7%
JyJoffrey Baratheon, Jory Cassel, Jaremy Rykker
81.3%
SrSandor Clegane, Salladhor Saan, Styr
81.3%
RtRobert Baratheon, Robert Arryn, Rattleshirt, Robett Glover, Ronnet Connington
80.8%
GrGregor Clegane
80.4%
XoXaro Xhoan Daxos
80.3%
IoIllyrio Mopatis
79.5%
OnOberyn Martell, Orton Merryweather, Owen
79.1%
InIlyn Payne
78.9%
WrWalder Freys, Waymar Royce
78.8%
AoAreo Hotah, Aggo
78.7%
LlLancel Lannister
78.4%
RkRodrik Cassel, Reznak mo Reznak, Rodrik Harlaw
77.5%
DnDoran Martell, Dareon, Devan Seaworth, Dywen, Dawen Lannister
76.6%
KnKevan Lannister
76.3%
BeBrienne Tarth
73.7%
JiJhiqui
73.5%
MnMeryn Trant, Marillion, Mandon Moore, Mikken
73.4%
AeArianne Martell, Aurane Waters, Aemon Targaryen
73.1%
PePycelle, Pate, Patchface
72.8%
BsBelwas, Boros Blount
72.4%
RnRickon Stark, Ryman Frey, Roslin Frey
72.3%
RrRhaegar Targaryen, Robar Royce
72.1%
PkPodrick Payne
72%
YeYgritte
71.7%
EaElia Martell
71.4%
ArAlliser Thorne, Arthur Dayne, Alester Florent
71.2%
JsJanos Slynt, Jonos Bracken
70.4%
ReRoose Bolton, Rorge
70.2%
NnNan
70.1%
TdTormund, Tomard
69.4%
SsStannis Baratheon
68.9%
TaTaena, Tanda Stokeworth, Tysha
68.4%
SnSatin, Shireen Baratheon
67.4%
Letters Character(s) % Correct
TmTom
66.6%
MyMargaery Tyrell, Mully
66.4%
WnWyman Manderly, Walton
64.7%
LnLuwin, Lyn Corbray
63.9%
TsThoros, Tytos Blackwood
63.5%
OdOsmund Kettleblack, Osfryd Kettleblack
60%
SlSamwell Tarly, Shagwell
59.9%
DkDick Crabb
59.1%
EeEdmure Tully
58.5%
AyAmory Lorch, Anguy
58.4%
VlVal
58.2%
VnVictarion Greyjoy
58%
RdRickard Kartsark, Rafford
57.4%
JoJhogo
56.8%
OyOsney Kettleblack
56.4%
HnHaldon, Harwin, Harren Hoare, Hosteen Frey
55.3%
VrVaramyr
53.5%
DlDonal Noye
53.3%
CsCleos Frey, Clydas
53.1%
CtChett
52.8%
VoVargo Hoat
52%
SoSyrio Forel
52%
SzSkahaz mo Kandaq
51.8%
NrNestor Royce
50.7%
GsGerris Drinkwater, Gyles Rosby
50%
MtMerrett Frey
49.4%
PyPenny
48.4%
LyLommy
48.1%
RlRandyll Tarly
41.7%
AmAddam Marbrand
40.1%
HeHyle Hunt, Horse
39.2%
AlAxell Florent
38.8%

You're not logged in!

Compare scores with friends on all Sporcle quizzes.
OR
Log In

You Might Also Like...

Show Comments

Extras

Top Quizzes Today


Score Distribution

Your Account Isn't Verified!

In order to create a playlist on Sporcle, you need to verify the email address you used during registration. Go to your Sporcle Settings to finish the process.

Report this User

Report this user for behavior that violates our Community Guidelines.

Details: